000 00808nam a22002411u 4500
001 06976
003 HDC
007 cr bn ---
008 210125p2013 o d 00 engg
040 _aHDC
245 0 _a Factors Driving Halal Pharma Market / by
_cDr. K. Shabana
260 _a[No Place] :
_b[publisher not identified],
_c2013
300 _a33 pages :
_billustrations
336 _atext
_2rdacontent
337 _acomputer
_2rdamedia
338 _aonline resource
_2rdacarrier
650 _aHalal market
_9582
650 _aHalal Pharmaceuticals
_91242
856 _zRequest full-text at [email protected]
942 _2lcc
942 _cSLIDE
942 _kSLID 000219
999 _c4300
_d4300